| 000 | 01548nam a22003977a 4500 | ||
|---|---|---|---|
| 003 | CHAP | ||
| 005 | 20220329143406.0 | ||
| 008 | 090217s2008 mx a r 00010 spa d | ||
| 010 | _a95903 | ||
| 011 | _a96875 | ||
| 035 | _a107532 | ||
| 040 | _cCHAP | ||
| 090 | _aTesis | ||
| 100 | 1 |
_aCano Sánchez, Antonio. _918431 |
|
| 245 | 1 | 0 |
_aConservación de frutos de tuna blanca (Opuntia amyclaea) recubiertos con una película comestible _c/por Antonio Cano Sánchez y Alberto Hernández Morales |
| 260 |
_aChapingo, Méx. : _bEl autor, _c2008 |
||
| 300 |
_axii, 105 h. : _bilus., cuadros, gráfs. |
||
| 502 | _aTesis (Ing. Agroindustrial) -- UACH. Departamento de Ingeniería Agroindustrial | ||
| 590 |
_aALEPH _b10 _c20130110 _lUCH01 _h1527 |
||
| 590 |
_aBATCH-UPD _b10 _c20130110 _lUCH01 _h0745 |
||
| 590 |
_aBATCH-UPD _b10 _c20130410 _lUCH01 _h0426 |
||
| 590 |
_aBATCH-UPD _b10 _c20130914 _lUCH01 _h0242 |
||
| 590 |
_aBATCH-UPD _b10 _c20130914 _lUCH01 _h2056 |
||
| 590 |
_aCONVERSION _b10 _c20130109 _lUCH01 _h1353 |
||
| 650 | 1 | 4 |
_aAlmacenamiento en atmósfera controlada. _94461 |
| 650 | 1 | 4 |
_aFruta _xAnálisis. _943593 |
| 650 | 1 | 4 |
_aFruta _xConservación. _943602 |
| 650 | 1 | 4 |
_aTuna _xAlmacenamiento. _9115545 |
| 650 | 1 | 4 |
_aTuna _xCalidad. _9115546 |
| 650 | 1 | 4 |
_aTuna _xTecnología postcosecha. _9115566 |
| 700 | 1 |
_aHernández Morales, Alberto. _954368 |
|
| 901 | _aBK | ||
| 942 | _cFOLL | ||
| 949 |
_aTesis _bBC _cTES _d33724002084009 _eTS2 _fc.2 _gDonaciØn _h48986 _i107532 _si |
||
| 949 |
_aTesis _bBC _cTES _d33724002084777 _eTS1 _gDonaciØn _h48985 _i107532 _sb |
||
| 999 |
_c95903 _d95903 |
||